| 000 | 00450 a2200157 4500 | ||
|---|---|---|---|
| 020 | _a002362472 | ||
| 082 | _a004 | ||
| 090 |
_c1341 _d1341 |
||
| 100 | _aO'Leary , Linda I. | ||
| 245 |
_aComputing Essentials 2000-01: Intro Edition _cTimothy J. O'Leary |
||
| 260 |
_aNew York: _bMcGraw-Hill, _cc2000. |
||
| 300 |
_axxix , 24 p ; _bill : _c25 cm |
||
| 500 | _aIncludes Index | ||
| 650 | _a1.Computers 2. Electronic Data Processing | ||
| 942 |
_cBK _k004 OLE |
||
| 999 |
_c5296 _d5296 |
||